000
00305nam a22001217a 4500
005
20250909101933.0
008
250909b |||||||| |||| 00| 0 eng d
100
_a
LIARDON ROBERTS
245
_a
THE PRICE OF SPIRITUAL POWER
260
_a
TULSA
_b
HARRISON HOUSE
_c
c1987
300
_a
39p
942
_2
lcc
_c
BK
_n
0
999
_c
7488
_d
7488